| 000 | 01285cam a22003494i 4500 | ||
|---|---|---|---|
| 003 | PE-LiUPU | ||
| 005 | 20250731184053.0 | ||
| 008 | 161012s r 000 0 spa d | ||
| 020 | _a9972606001 | ||
| 035 | _a(Sirsi) a164186 | ||
| 040 |
_aPE-LiUPU _cPE-LiUPU |
||
| 049 | _aPRUA | ||
| 082 | 0 | 4 |
_a869.56 _bC9 |
| 111 |
_aPremio COPE de Cuento _n(8° _cLima, Perú). _96255 |
||
| 245 |
_aCuando las últimas luces se hayan apagado : _by los cuentos ganadores del premio copé de cuento 1994 / _cPremio COPE de Cuento 1994. |
||
| 264 |
_aLima : _bEdiciones copé, _c1995. |
||
| 300 |
_a279 páginas ; _c21 centímetros. |
||
| 336 | _2rdacontent | ||
| 337 | _2rdamedia | ||
| 338 | _2rdacarrier | ||
| 500 | _aCuando las últimas luces se hayan apagado / Yuri Joé Carlos Vásquez Chire, p. 207-222. | ||
| 505 | 0 | _aRompecabezas -- Sofia & Sofia -- El premio -- Sangre de familia -- La expiación -- El convento de las tres Marías -- Un bulto en la vereda -- La dueña de la pelota. | |
| 526 | _aP145 | ||
| 526 | _aP127 | ||
| 526 | _aP97 | ||
| 526 | _aP14 | ||
| 526 | _aP07 | ||
| 700 |
_aVásquez Chire, Yuri, _eautor. _96222 |
||
| 942 |
_2ddc _cBK |
||
| 980 |
_81 _gALBERTO SANCHEZ Responsable de Automatización |
||
| 999 |
_c13031 _d13031 |
||